[Event "EU-Cup 39th"]
[Site "Vrnjacka Banja"]
[Date "2024.10.23"]
[Round "4.3"]
[White "Culbeaux Tello, Oscar Abraham"]
[Black "Hickl, Thomas"]
[Result "1-0"]
[WhiteElo "1983"]
[BlackElo "2238"]
[PlyCount "79"]
[EventDate "2024.10.20"]
[EventType "team-swiss"]
[EventRounds "7"]
[EventCountry "SRB"]
[SourceTitle "CB44_2024"]
[SourceDate "2024.10.30"]
[SourceVersion "1"]
[SourceVersionDate "2024.10.30"]
[SourceQuality "1"]
[WhiteTeam "Ennis"]
[BlackTeam "Schoenaich"]
[WhiteTeamCountry "IRL"]
[BlackTeamCountry "GER"]

1. e4 c6 2. d4 d5 3. f3 dxe4 4. fxe4 e5 5. Nf3 Bg4 6. Bc4 Nd7 7. c3 Qe7 8. 0-0 0-0-0 9. Qc2 Bxf3 10. Rxf3 Ngf6 11. Bd3 Nb6 12. a4 a6 13. b4 exd4 14. b5 axb5 15. axb5 c5 16. cxd4 Rxd4 17. Bb2 Rb4 18. Bc3 c4 19. Bxb4 Qxb4 20. Bf1 Bc5+ 21. Kh1 Rd8 22. Nc3 Bd4 23. Rb1 Qc5 24. Rf5 Qc7 25. g3 Ng4 26. Nd5 Nxd5 27. Rxd5 Rxd5 28. exd5 Ne3 29. Qe4 Qe5 30. Qxe5 Bxe5 31. Bxc4 Kd7 32. Bb3 Kd6 33. Rc1 f5 34. Rc8 g5 35. Re8 Bd4 36. Re6+ Kd7 37. Rh6 b6 38. Rxh7+ Kd6 39. Rh6+ Kc5 40. d6 1-0

[Event "EU-Cup 39th"]
[Site "Vrnjacka Banja"]
[Date "2024.10.22"]
[Round "3.3"]
[White "Vollbehr, Bjarne"]
[Black "Culbeaux Tello, Oscar Abraham"]
[Result "0-1"]
[WhiteElo "2082"]
[BlackElo "1983"]
[PlyCount "94"]
[EventDate "2024.10.20"]
[EventType "team-swiss"]
[EventRounds "7"]
[EventCountry "SRB"]
[SourceTitle "CB44_2024"]
[SourceDate "2024.10.30"]
[SourceVersion "1"]
[SourceVersionDate "2024.10.30"]
[SourceQuality "1"]
[WhiteTeam "Kiel Doppelbauer"]
[BlackTeam "Ennis"]
[WhiteTeamCountry "GER"]
[BlackTeamCountry "IRL"]

1. d4 d5 2. c4 e6 3. Nf3 Nf6 4. g3 dxc4 5. Bg2 c6 6. 0-0 b5 7. Ne5 Bb7 8. a4 a6 9. b3 cxb3 10. Bb2 Be7 11. Qxb3 0-0 12. Rc1 Nd5 13. e4 Nf6 14. Nd2 b4 15. a5 c5 16. Qe3 Nbd7 17. Nec4 Rc8 18. Nb3 Re8 19. Rd1 cxd4 20. Rxd4 Qc7 21. Rc1 e5 22. Rdd1 Qb8 23. Bh3 Rcd8 24. f3 Bc6 25. Rd2 Bb5 26. Rdc2 Ba4 27. Bf1 Bf8 28. Ra1 Nc5 29. Rxa4 Nxa4 30. Nb6 Nxb2 31. Rxb2 Rd1 32. Kg2 Qb7 33. Be2 Rdd8 34. Rc2 Nd7 35. Nd5 Rc8 36. Rd2 Nc5 37. Nxc5 Rxc5 38. Qg5 Kh8 39. Nb6 b3 40. Rd7 Rc7 41. Bxa6 Qxa6 42. Rd8 Rc2+ 43. Kh3 Qf1+ 44. Kg4 Rxh2 45. f4 Qe2+ 46. Kf5 Rxd8 47. Qxd8 Rh5+ 0-1